Concordancias del código penal

محفوظ في:
التفاصيل البيبلوغرافية
التنسيق: كتاب
اللغة:الإسبانية
منشور في: Santiago Cervantes 1899
الموضوعات:
الوسوم: إضافة وسم
لا توجد وسوم, كن أول من يضع وسما على هذه التسجيلة!

MARC

LEADER 00000nam a2200000 a 4500
001 UCS0469
003 CL-VaPUC
008 970426e18990000CL |||||||||||||||||spa|d
082 0 4 |a 345.83  |b CON  |2 21 
245 1 0 |a Concordancias del código penal 
300 |a 357 p 
942 |c BK 
945 |d 19970426 00:00:00  |a paguirre 
260 |a Santiago  |b Cervantes  |c 1899 
650 7 |a DERECHO PENAL  |2 CL-VaPUC  |9 11 
650 0 |a Códigos  |9 352314 
650 0 |a Delitos  |9 224143 
650 0 |a Responsabilidad penal  |9 254899 
650 0 |a Atenuantes  |9 380889 
650 0 |a Agravantes  |9 383432 
650 0 |a Penas   |9 255927 
650 7 |a DELITOS CONTRA LA SEGURIDAD DEL ESTADO  |2 CL-VaPUC  |9 384021 
650 0 |a Delitos contra la propiedad   |9 256091 
650 7 |a DELITOS CONTRA LAS PERSONAS  |2 CL-VaPUC  |9 256124 
651 7 |a CHILE  |2 CL-VaPUC  |9 384022 
583 |a last modification  |c 19970426 00:00:00  |k Rodrigo Vera 
999 |c 258696  |d 258694 
952 |0 0  |1 0  |2 ddc  |4 0  |5 1  |6 345_830000000000000_CON_1899  |7 1  |8 C_LRYV  |9 282966  |a FDOBRV  |b BIBDER  |d 2019-11-19  |i 1833820  |o 345.83 CON 1899  |p 1833820  |r 2023-01-25  |w 2019-11-19  |y BK_X  |k BRV